| 000 | 00869nam a2200253 a 4500 | ||
|---|---|---|---|
| 005 | 20160909112648.0 | ||
| 008 | 140313b2002 waua gr|||| 00| 0 eng d | ||
| 040 |
_aCO-BoIAVH _cCO-BoIAVH |
||
| 041 | _aeng | ||
| 044 | _axxu | ||
| 082 |
_a333.7516 _bW92b |
||
| 110 | 2 | _bWorld Bank | |
| 245 | 1 |
_aBiodiversity conservation in forest ecosystems _bWorld Bank assistance 1992-2002 |
|
| 260 |
_aWashington _bWorld Bank _c2002 |
||
| 300 |
_a47 paginas. _bilustraciones; _c28 x 21 cm |
||
| 650 | 4 | _aOrganizaciones internacionales | |
| 650 | 4 | _aFinanciación de proyectos de conservación de biodiversidad | |
| 650 | 4 | _aInformes de gestión - Banco Mundial | |
| 650 | 4 | _atierras forestales | |
| 650 | 6 | _a uso de tierras forestales | |
| 650 | 6 | _aConservación de montes | |
| 942 |
_cLIBRO _2ddc |
||
| 945 | _d2004-08-10 | ||
| 999 |
_c4010 _d4010 |
||